DanMachi Personnage - Statistiques

Statistiques générales
  • Ce quiz a été pris 15 fois
  • Le résultat moyen est 46 sur 159
Statistiques - réponses
Affiliation Personnage % Correct
Loki Familia Ais Wallenstein
100%
Hestia Familia Bell Crannel
100%
Freya Familia Freya
100%
Hermes Familia Hermes
100%
Hestia Familia Hestia
100%
Loki Familia Loki
100%
Ganesha Familia Ganesha
91%
Hestia Familia Yamato Mikoto
91%
Apollo Familia Apollo
82%
Ares Familia Ares
82%
Artemis Familia Artemis
82%
Brigid Familia Brigid
82%
Demeter Familia Demeter
82%
Dionysus Familia Dionysus
82%
Hephaestus Familia Hephaestus
82%
Ishtar Familia Ishtar
82%
Hestia Familia Liliruca Arde
82%
Miach Familia Miach
82%
Freya Familia Mia Grand
82%
Njord Familia Njord
82%
Hestia Familia Ryu Lion
82%
Hestia Familia Sanjouno Haruhime
82%
Soma Familia Soma
82%
Takemikazuchi Familia Takemikazuchi
82%
Hestia Familia Welf Crozzo
82%
Astraea Familia Astraea
73%
Goibniu Familia Goibniu
73%
Freya Familia Ottar
73%
Loki Familia Bete Loga
64%
Loki Familia Finn Deimne
64%
Freya Familia Horn / Syr
64%
Loki Familia Riveria Ljos Alf
64%
Loki Familia Tiona Hiryute
64%
Loki Familia Tione Hiryute
64%
Hermes Familia Aisha Belka
55%
Astraea Familia Alise Lovell
55%
Miach Familia Cassandra Ilion
55%
Miach Familia Daphne Lauros
55%
Ikelos Familia Ikelos
55%
Guilde Ouranos
55%
Freya Familia Allen Fromel
45%
Hermes Familia Asfi Al Andromeda
45%
Guilde Eina Tulle
45%
Astraea Familia Gojouno Kaguya
45%
Freya Familia Hedin Selland
45%
Hestia Familia Nina Tulle
45%
Freya Familia Alfrigg Gulliver
36%
Freya Familia Anya Fromel
36%
Freya Familia Berling Gulliver
36%
Donjon Ein
36%
Guilde Fels
36%
Loki Familia Gareth Landrock
36%
Freya Familia Grer Gulliver
36%
Freya Familia Hogni Ragnar
36%
Loki Familia Lefiya Viridis
36%
Astraea Familia Lyra
36%
Freya Familia Van
36%
Autre Zeus
36%
Autre Albert Wallenstein
27%
Autre Aria Wallenstein
27%
Ikelos Familia Dix Perdix
27%
Freya Familia Dvalinn Gulliver
27%
Dionysus Familia Filvis Challia
27%
Autre Hera
27%
Takemikazuchi Familia Kashima Ouka
27%
Miach Familia Naaza Erisuis
27%
Loki Familia Noir Sachsen
27%
Hephaestus Familia Tsubaki Collbrande
27%
Xenos Asterius
18%
Njord Familia Chloe Rollo
18%
Xenos Gros
18%
Freya Familia Heith Velvet
18%
Takemikazuchi Familia Hitachi Chigusa
18%
Ishtar Familia Lena Tally
18%
Hermes Familia Lulune Louie
18%
Xenos Marie
18%
Ishtar Familia Phryne Jamil
18%
Freya Familia Rask
18%
Freya Familia Remilia
18%
Xenos Wiene
18%
Loki Familia Alicia Forestlight
9%
Astraea Familia Asta Knox
9%
Rivira Bors Elder
9%
Astraea Familia Cecil Blackliza
9%
Astraea Familia Celty Srowa
9%
Loki Familia Dain
9%
Loki Familia Elfy Colette
9%
Hermes Familia Falgar Batros
9%
Ikelos Familia Gran
9%
Hermes Familia Jose
9%
Xenos Let
9%
Demeter Familia Lunoire Faust
9%
Xenos Lyd
9%
Astraea Familia Maryuu Reage
9%
Hermes Familia Meryl Tear
9%
Guilde Misha
9%
Loki Familia Narvi Roll
9%
Hermes Familia Nelly
9%
Astraea Familia Neze Rankett
9%
Astraea Familia Noin Unic
9%
Donjon Olivas Act
9%
Xenos Ranye / Raigne
9%
Loki Familia Raul Nord
9%
Xenos Ray
9%
Guilde Rose
9%
Guilde Royman
9%
Ishtar Familia Samira
9%
Ganesha Familia Shakti Varma
9%
Freya Familia Tammuz Belili
9%
Loki Familia Anakitty Autumn
0%
Loki Familia Arcs
0%
Xenos Arles
0%
Takemikazuchi Familia Asuka
0%
Xenos Aude
0%
Loki Familia Bara
0%
Brigid Familia Caam
0%
Soma Familia Canoe Belway
0%
Soma Familia Chandra Ihit
0%
Xenos Cliff
0%
Loki Familia Cruz Bussell
0%
Loki Familia Cynthia
0%
Hermes Familia Dodon
0%
Hermes Familia Elilly
0%
Xenos Fear
0%
Xenos Four
0%
Hermes Familia Golmeth
0%
Xenos Gryuu
0%
Autre Guile India
0%
Ganesha Familia Hashana Dorlia
0%
Xenos Helga
0%
Apollo Familia Hyakinthos Clio
0%
Ganesha Familia Ibri Achaa
0%
Ganesha Familia Ilta Farna
0%
Astraea Familia Iska Bra
0%
Hermes Familia Keaks
0%
Xenos Laura
0%
Hermes Familia Laurier Swall
0%
Loki Familia Line Arshe
0%
Apollo Familia Lissos
0%
Apollo Familia Luan Espel
0%
Ares Familia Marius Victrix Rakia
0%
Ganesha Familia Modaka
0%
Autre Mord
0%
Loki Familia Orba
0%
Hermes Familia Pock
0%
Hermes Familia Pot
0%
Loki Familia Rakta Haze
0%
Guilde Rehmer
0%
Artemis Familia Rethusa
0%
Njord Familia Rod
0%
Njord Familia Rubato Ryan
0%
Astraea Familia Ryana Lietz
0%
Autre Scott Olds
0%
Guilde Sophie
0%
Hermes Familia Suicia
0%
Hermes Familia Tabitha
0%
Hermes Familia Thane Hire
0%
Rivira Villy
0%
Soma Familia Zanis Lustra
0%
Aucun quiz correspondant
Distribution des résultats
% des personnes avec chaque résultat
Percentile par nombre de réponses
Votre historique - résultats
Vous n’avez pas pris ce quiz